Graphical Interface and marking of engineer support plan on GIS (Record no. 551172)
[ view plain ]
| 000 -LEADER | |
|---|---|
| fixed length control field | 00471nam a22001457a 4500 |
| 082 ## - DEWEY DECIMAL CLASSIFICATION NUMBER | |
| Classification number | P-432(A) |
| Author Mark | Maj Zeeshan Bashir |
| 100 ## - MAIN ENTRY--PERSONAL NAME | |
| Personal name | Maj Zeeshan Bashir |
| 9 (RLIN) | 48149 |
| 245 ## - TITLE STATEMENT | |
| Title | Graphical Interface and marking of engineer support plan on GIS |
| Statement of responsibility, etc. | Maj Zeeshan Bashir |
| 260 ## - PUBLICATION, DISTRIBUTION, ETC. | |
| Place of publication, distribution, etc. | Risalpur |
| Name of publisher, distributor, etc. | Maj Zeeshan Bashir |
| Date of publication, distribution, etc. | c2010 |
| 300 ## - PHYSICAL DESCRIPTION | |
| Extent | 63 p. : |
| 526 ## - STUDY PROGRAM INFORMATION NOTE | |
| Program name | 0 |
| Interest level | 0 |
| Reading level | 0 |
| Title point value | P_432A_MAJ_ZEESHAN_BASHIR |
| 526 ## - STUDY PROGRAM INFORMATION NOTE | |
| Program name | 0 |
| Interest level | 0 |
| Reading level | 0 |
| Title point value | P_432A_MAJ_ZEESHAN_BASHIR |
| 650 ## - SUBJECT ADDED ENTRY--TOPICAL TERM | |
| Topical term or geographic name entry element | MCE |
| 9 (RLIN) | 379 |
| 942 ## - ADDED ENTRY ELEMENTS (KOHA) | |
| Source of classification or shelving scheme | |
| Koha item type | Book |
| Withdrawn status | Lost status | Source of classification or shelving scheme | Damaged status | Not for loan | Permanent Location | Current Location | Date acquired | Total Checkouts | Full call number | Barcode | Date last seen | Date last checked out | Price effective from | Koha item type | Public note |
|---|---|---|---|---|---|---|---|---|---|---|---|---|---|---|---|
| Military College of Engineering (MCE) | Military College of Engineering (MCE) | 12/04/2014 | 1 | P-432(A) Maj Zeeshan Bashir | MCE-P-432-A | 05/20/2020 | 05/13/2020 | 03/14/2021 | Book | Project. | |||||
| Military College of Engineering (MCE) | Military College of Engineering (MCE) | 12/06/2019 | 1 | P-432(A) Maj Zeeshan Bashir | MCE-P-432 | 05/20/2020 | 05/13/2020 | 12/06/2019 | Book |
